000 00521nam a22001817a 4500
005 20250125100912.0
008 250125b |||||||| |||| 00| 0 eng d
020 _a9780767405140
050 _aHQ21
_bSTR
100 _aStrong, Bryan
245 _aStudy guide to accompany human sexuality;
_bDiversity in contemporary America
250 _a3rd
260 _aLondon
_bMayfield Publishing Company
_cc1999
300 _avii, 247p
700 _aDeVault, Christine
700 _aSayad,, Werner Barbara
942 _2lcc
_cBK
_n0
999 _c3061
_d3061